Normal view
MARC view
Entry Topical Term
001 - CONTROL NUMBER
- control field: 4708
003 - CONTROL NUMBER IDENTIFIER
- control field: ARRUPE
005 - DATE AND TIME OF LATEST TRANSACTION
- control field: 20131203131848.0
008 - FIXED-LENGTH DATA ELEMENTS
- fixed length control field: 131203|| aca||aabn | a|a d
040 ## - CATALOGING SOURCE
- Original cataloging agency: ARRUPE
- Transcribing agency: ARRUPE
150 ## - HEADING--TOPICAL TERM
- Topical term or geographic name as entry element:
- General subdivision: Religion
- General subdivision: Prime Ministers
- General subdivision: Biography
- General subdivision: Christianity and Politics
- Chronological subdivision: 1800-1898
- Geographic subdivision: Great Britain
670 ## - SOURCE DATA FOUND
- Source citation: Work cat.: (ARRUPE): Jagger, Peter J. 4706, Gladstone, 1991